logo

Bir Sreshtho Munshi Abdur Rouf Library
Jhenaidah Cadet College

ল্যাজ দিয়ে যায় চেনা / (Record no. 2837)

MARC details
000 -LEADER
fixed length control field 00684nam a2200217 a 4500
001 - CONTROL NUMBER
JCCL Control Number 2837
003 - CONTROL NUMBER IDENTIFIER
JCCL marc code BD-JhCC
005 - DATE AND TIME OF LATEST TRANSACTION
control field 20171107114005.0
008 - FIXED-LENGTH DATA ELEMENTS--GENERAL INFORMATION
fixed length control field 171107s1366 bg a|||| ||a| 000 0 ben d
035 ## - SYSTEM CONTROL NUMBER
system control number (BD-JhCC)2837
040 ## - CATALOGING SOURCE
Original cataloging agency BD-JhCC
Modifying agency BD-JhCC
041 ## - LANGUAGE CODE
Language code of Book ben
082 ## - DEWEY DECIMAL CLASSIFICATION NUMBER
Classification number 891.4435
Author mark and Year RAH 1366
100 ## - MAIN ENTRY--PERSONAL NAME
Personal name রহমান, হাবীবুর
245 ## - TITLE STATEMENT
Title ল্যাজ দিয়ে যায় চেনা /
Statement of responsibility, etc হাবীবুর রহমান,
260 ## - PUBLICATION, DISTRIBUTION, ETC. (IMPRINT)
Place of publication, distribution, etc ঢাকা :
Name of publisher, distributor, etc ষ্টুডেন্ট ওয়েজ প্রকাশন,
Date of publication, distribution, etc 1366
300 ## - PHYSICAL DESCRIPTION
Pagination 84 p. :
Dimensions 18 cm.
650 ## - SUBJECT ADDED ENTRY--TOPICAL TERM
Topical term or geographic name as entry element Bengali Short Story
942 ## - ADDED ENTRY ELEMENTS (KOHA)
Source of classification or shelving scheme Dewey Decimal Classification
Koha item type Books
Holdings
Source of classification or shelving scheme Damaged status Not for loan Home library Current library Shelving location Date of accession Cost, normal purchase price Total Checkouts Full call number Barcode Date last seen Copy number Koha item type
Dewey Decimal Classification     JCC Rouf Library JCC Rouf Library General Stacks 11/07/2017 2.50   891.4435 RAH 1366 4313 11/07/2017 C-1 Books
Dewey Decimal Classification     JCC Rouf Library JCC Rouf Library General Stacks 11/15/2017 2.50   891.4435 RAH 1366 4071 11/15/2017 C-2 Books
Dewey Decimal Classification     JCC Rouf Library JCC Rouf Library General Stacks 11/15/2017 2.50   891.4435 RAH 1366 3961 11/15/2017 C-3 Books
Dewey Decimal Classification     JCC Rouf Library JCC Rouf Library General Stacks 11/15/2017 2.50   891.4435 RAH 1366 4087 11/15/2017 C-1 Books

JCC Library | Contacts | JCC Home

Last Update on 23 September 2017
Copyright @ 2017-2020 JCC Rouf Library
Rouf Library, Jhenidah Cadet College (JCC), Bangladesh